000 00474nam a2200193Ia 4500
005 20250423095442.0
008 250422s9999 xx 000 0 und d
020 _a9781119080701
050 _aTA 357 .G47/
100 _aGerhart, Philip M... [et al.]
245 0 _aFundamentals of fluid mechanics
250 _a8th ed.
260 _aUnited State
260 _bJohn Wiley & Sons
260 _c2018
300 _a684 p
650 _aFluid mechanics.
942 _cBK
999 _c30316
_d30316